书目信息 |
| 题名: |
高分子科学
|
|
| 作者: | 土田英俊 著 ;万国祥 , 徐伯鋆 译 | |
| 分册: | ||
| 出版信息: | 北京 人民教育出版社 1981 |
|
| 页数: | 317页 | |
| 开本: | 21cm | |
| 丛书名: | ||
| 单 册: | ||
| 中图分类: | O63 | |
| 科图分类: | ||
| 主题词: | 高分子化学 | |
| 电子资源: | ||
| ISBN: | ||
| 000 | 00956nam0 2200265 45 | |
| 001 | 0181005348 | |
| 005 | 20051122105330.09 | |
| 010 | @dCNY1.35 | |
| 091 | @a13012.0686 | |
| 100 | @a19950726d1981 em y0chiy0121 ea | |
| 101 | 1 | @achi@cjpn |
| 102 | @aCN@b110000 | |
| 105 | @ay z 000yy | |
| 200 | 10 | @a高分子科学@Agao fen zi ke xue@f(日)土田英俊著@F(ri)tu tian ying jun zhu@g徐伯鋆,万国祥译@Gxu bo yun,wan guo xiang yi |
| 210 | @a北京@c人民教育出版社@d1981 | |
| 215 | @a317页@d21cm | |
| 300 | @a本书介绍了高分子的特征、结构、物理性质、溶液性质、化学反应、合成、聚合反应的控制方法、具有催化作用的高分子以及高分子科学的未来展望,并涉及有关生物化学、医用材料和环境保护等方面的问题。 | |
| 606 | @a高分子化学 | |
| 690 | @aO63@v3 | |
| 701 | 0 | @a土田英俊@Atu tian ying jun@4著 |
| 702 | 0 | @a万国祥@Awan guo xiang@4译 |
| 702 | 0 | @a徐伯鋆@Axu bo yun@4译 |
| 801 | 2 | @aCN@bNLC@c20051122 |
| 801 | 0 | @aCN@b上海图书馆@c20040524 |
| 905 | @f1@b121811@dO63@e16 | |
| 高分子科学/(日)土田英俊著/徐伯鋆,万国祥译.-北京:人民教育出版社,1981 |
| 317页;21cm |
| 本书介绍了高分子的特征、结构、物理性质、溶液性质、化学反应、合成、聚合反应的控制方法、具有催化作用的高分子以及高分子科学的未来展望,并涉及有关生物化学、医用材料和环境保护等方面的问题。 |
| ISBN :CNY1.35 |
| ● |
| 相关链接 |
|
|
|
|
正题名:高分子科学
索取号:O63/16
 
预约/预借
| 序号 | 登录号 | 条形码 | 馆藏地/架位号 | 状态 | 备注 |
| 1 | 0121810 | 202147630 | 密集书库/ [索取号:O63/16] | 在馆 | |
| 2 | 0121811 | 000351087 | 第三借阅区/ [索取号:O63/16] | 在馆 | |
| 3 | 0121812 | 202120640 | 第二样本阅览室/ [索取号:O63/16] | 在馆 | |
| 4 | 0147426 | 202147621 | 密集书库/ [索取号:O63/16] | 在馆 |